000 01040nam a2200289 a 4500
001 26687
003 BD-RjUL
005 20211209051043.0
008 140323r19651939enkbe b 001 0 eng d
035 _a(BD-RjUL)26757
040 _aBD-RjUL
_beng
_cBD-RjUL
_dBD-RjUL
041 _aeng
082 _a942.07
_bWIW 1965
100 1 _aWilliams, Basil,
_d1867-1950.
_975060
245 1 4 _aThe Whig supremacy, 1714-1760 /
_cby Basil Williams.
_bSecond edition revised by Stuart, C.H.
250 _a2nd rev ed
260 _aOxford :
_bClarendon Press,
_c1939 [Reprinted 1965].
300 _axix, 504 p. :
_bmaps, plan ;
_c23 cm.
504 _aBibliography: p. [434]-468. -- Includes index.
651 0 _aGreat Britain
_xPolitics and government
_y1714-1760.
_975062
651 0 _aGreat Britain
_xHistory
_yGeorge I, II, 1714-1760.
_975063
651 0 _aGreat Britain
_xSocial conditions.
_982008
830 0 _vv.11
_982012
700 1 _aStuart, C. H.
_q(Charles Harborne)
_977414
830 0 _aOxford history of England ;
_982013
942 _2ddc
_cBK
999 _c26687
_d26687